Niekoľko poznámok k námietke zaujatosti v trestnom konaní

Predpoklady pre konštatovania zaujatosti resp. nezaujatosti, za súčasného rešpektovania rôznorodosti procesného postavenia relevantných osôb. Sudca pre prípravné konanie/samosudca/člen senátu. Prokurátor, súdni úradníci a ďalší. Dôvody pre vylúčenie osôb.

Enregistré dans:
Détails bibliographiques
Auteur principal: Floriš, Martin
Format: Chapitre de livre
Langue:slovaque
Sujets:
Tags: Ajouter un tag
Pas de tags, Soyez le premier à ajouter un tag!

MARC

LEADER 00000naa a2200000 4500
001 0269576
005 20201028091903.5
041 0 |a slo 
044 |a SK 
245 1 0 |a Niekoľko poznámok k námietke zaujatosti v trestnom konaní  |c Martin Floriš 
520 |a Predpoklady pre konštatovania zaujatosti resp. nezaujatosti, za súčasného rešpektovania rôznorodosti procesného postavenia relevantných osôb. Sudca pre prípravné konanie/samosudca/člen senátu. Prokurátor, súdni úradníci a ďalší. Dôvody pre vylúčenie osôb. 
610 2 0 |a sudcovia 
610 2 0 |a súdnictvo 
610 2 0 |a súdy 
610 2 0 |a právo trestné 
100 1 |a Floriš, Martin